Learning Resource and Development

Policy statements october-december 2019 president Rodrigo Roa Duterte republic of the Philippines. (Record no. 32417)

MARC details
000 -LEADER
fixed length control field 01254nam a2200289 i 4500
003 - CONTROL NUMBER IDENTIFIER
control field CSPC
005 - DATE AND TIME OF LATEST TRANSACTION
control field 20260428083326.0
008 - FIXED-LENGTH DATA ELEMENTS--GENERAL INFORMATION
fixed length control field 260428c2019 ph r i o00 0 eng d
022 ## - INTERNATIONAL STANDARD SERIAL NUMBER
International Standard Serial Number 2467-6004
040 ## - CATALOGING SOURCE
Original cataloging agency CSPC
Language of cataloging eng
Transcribing agency CSPC
Description conventions rda
245 00 - TITLE STATEMENT
Title Policy statements october-december 2019 president Rodrigo Roa Duterte republic of the Philippines.
264 #1 - PRODUCTION, PUBLICATION, DISTRIBUTION, MANUFACTURE, AND COPYRIGHT NOTICE
Place of production, publication, distribution, manufacture Manila :
Name of producer, publisher, distributor, manufacturer Bureau of Communications Services, Presidential Communications Operations Office.
Date of production, publication, distribution, manufacture, or copyright notice 2019.
300 ## - PHYSICAL DESCRIPTION
Extent online resource (various pages) :
Other physical details illustrations ;
Dimensions 23 cm.
336 ## - CONTENT TYPE
Source rdacontent
Content type term text
337 ## - MEDIA TYPE
Source rdamedia
Media type term unmediated
338 ## - CARRIER TYPE
Source rdacarrier
Carrier type term volume
362 ## - DATES OF PUBLICATION AND/OR SEQUENTIAL DESIGNATION
Dates of publication and/or sequential designation October-December 2019
504 ## - BIBLIOGRAPHY, ETC. NOTE
Bibliography, etc. note Includes bibliographical references
650 #4 - SUBJECT ADDED ENTRY--TOPICAL TERM
Topical term or geographic name entry element Presidents
Form subdivision Messages
General subdivision Periodicals.
Geographic subdivision Philippines
650 #4 - SUBJECT ADDED ENTRY--TOPICAL TERM
Topical term or geographic name entry element Political speeches
General subdivision Periodicals.
Geographic subdivision Philippines
650 #4 - SUBJECT ADDED ENTRY--TOPICAL TERM
Topical term or geographic name entry element Government policy
General subdivision Periodicals.
Geographic subdivision Philippines
651 0# - SUBJECT ADDED ENTRY--GEOGRAPHIC NAME
Geographic name Philippines
General subdivision Politics and government
700 #1 - ADDED ENTRY--PERSONAL NAME
Personal name Duque, Ma. Florinda Princess E.,
Relator term editor in chief.
710 1# - ADDED ENTRY--CORPORATE NAME
Corporate name or jurisdiction name as entry element Philippines.
Subordinate unit Office of the President
942 ## - ADDED ENTRY ELEMENTS (KOHA)
Source of classification or shelving scheme Dewey Decimal Classification
Suppress in OPAC No
Koha item type Serials
Classification part 354.59902
Item part P758
Call number prefix SER
Call number suffix 2019
Holdings
Withdrawn status Lost status Source of classification or shelving scheme Damaged status Not for loan Home library Current library Shelving location Date acquired Serial Enumeration / chronology Total Checkouts Full call number Barcode Date last seen Copy number Price effective from Koha item type Public note
    Dewey Decimal Classification   Not For Loan Main Library Main Library Serials 04/28/2026 October-December 2019 Volume 28, Number 4   SER GP 2 v.28 n.4 2019 01757S 04/28/2026 1-1 04/28/2026 Serials Government Publication